000 01573nam a22003977a 4500
003 CHAP
005 20220329143748.0
008 110725s2011 mx r 00010 spa d
010 _a101591
011 _a102563
035 _a113252
040 _cCHAP
090 _aTesis
100 1 _aOrtiz Medel, Marcelina
_984014
245 1 0 _aRelación entre el grado de madurez de fruto de papaya (Carica papaya L.) y la calidadd fisiológica de la semilla
_h[En línea]
_c/por Marcelina Ortiz medel
260 _aChapingo, Méx. :
_bEl autor,
_c2011
500 _aPara ver el contenido del material haga clic en la liga
502 _aTesis (Ing. Agr. Esp. en Fitotecnia) -- UACH. Departamento de Fitotecnia
590 _aALEPH
_b10
_c20130110
_lUCH01
_h1541
590 _aBATCH-UPD
_b10
_c20130110
_lUCH01
_h1358
590 _aBATCH-UPD
_b10
_c20130410
_lUCH01
_h0851
590 _aBATCH-UPD
_b10
_c20130914
_lUCH01
_h1445
590 _aBATCH-UPD
_b10
_c20140324
_lUCH01
_h1526
590 _aBATCH-UPD
_b10
_c20141002
_lUCH01
_h0849
590 _aCONVERSION
_b10
_c20130109
_lUCH01
_h1356
650 1 4 _aFruta
_xAlmacenamiento.
_943592
650 1 4 _aFruta
_xMaduración.
_943629
650 1 4 _aPapaya.
_985322
650 1 4 _aSemillas
_xCalidad.
_9103881
650 1 4 _aSemillas
_xFisiología y morfología.
_9103902
856 _3Finding aid
_uhttp://10.13.5.2/tesis/113252.pdf
_zTeclea aqui
901 _aBK
942 _cFOLL
949 _aTesis
_bBC
_cTES
_d33724002248850
_eTS1
_gDonaciØn
_h52449
_i113252
_st
949 _aTesis
_bBC
_cTES
_d33724002248892
_eTS2
_fc.2
_gDonaciØn
_h52450
_i113252
_st
999 _c101591
_d101591